El dorado estampas de viaje y cultura de la Colombia surAmericana (Registro nro. 2919)

Detalles MARC
000 -ENCABEZADO
Número de control [NR] 00904nam a2200229Ia 4500
008 - DE LONGITUD FIJA DE DATOS DE ELEMENTOS - INFORMACIÓN GENERAL
Elementos de longitud fija [NR] 130821s1993 ck gr spa
020 ## - NUMERO INTERNACIONAL NORMALIZADO PARA LIBROS [R]
Número Internacional Normalizado del libro [NR] 9586121763
040 ## - FUENTE DE CATALOGACION [NR]
Agencia de catalogación original [NR] Co-BoUCM
Idioma de catalogación [NR] spa
041 ## - CODIGO DE IDIOMA [R]
Código de idioma para texto/pista de sonido o título separado [R] Español
100 1# - ASIENTO PRINCIPAL--NOMBRE PERSONAL [NR]
Nombre personal [NR] Röthlisberger, Ernst
ID Autoridad 155018
245 13 - MENCION DE TITULO [NR]
Título [NR] El dorado estampas de viaje y cultura de la Colombia surAmericana
Mención de responsabilidad, etc. [NR] Ernest Rothlisberger ; prólogo : Jorge Orlando Melo G.
260 ## - PUBLICACION, DISTRIBUCION, ETC. (PIE DE IMPRENTA) [R]
Lugar de publicación, distribución, etc. [R] Bogotá (Colombia)
Nombre del editor, distribuidor, etc. [R] Presidencia de la República
Fecha de publicación, distribución, etc. [R] 1993
300 ## - DESCRIPCION FISICA [R]
Extensión [R] 501 páginas
490 #0 - MENCION DE SERIE [R]
Mención de serie [R] Biblioteca V Centenario COLCULTURA.
-- Viajeros por Colombia
504 ## - NOTA DE BIBLIOGRAFIA, ETC. [R]
Nota de bibliografía, etc. [NR]
650 04 - ASIENTO SECUNDARIO DE MATERIA - TERMINO TEMATICO [R]
Término temático o nombre geográfico como elemento de entrada [NR] Geografía de Colombia
9 (RLIN) 16341
651 #4 - ASIENTO SECUNDARIO DE MATERIA - NOMBRE GEOGRAFICO [R]
Nombre geográfico [NR] Colombia
Subdivisión general [R] Descripciones y viajes
9 (RLIN) 78436
651 #4 - ASIENTO SECUNDARIO DE MATERIA - NOMBRE GEOGRAFICO [R]
Nombre geográfico [NR] Colombia
Subdivisión general [R] Vida social y costumbres
9 (RLIN) 68071
700 1# - ASIENTO SECUNDARIO - NOMBRE PERSONAL [R]
Nombre personal [NR] Melo, Jorge Orlando
Fechas asociadas con el nombre [NR] 1942-
Término de relación [R]
9 (RLIN) 65837
942 ## - ELEMENTOS DE ENTRADA AGREGADOS (KOHA)
Tipo de ítem principal el descrito en 300a Libro
Tema principal Filosofía
Edición 1
Parte restante de la signatura top. R67
Sistema de clasificación DEWEY
Clasificación 918.04861
Existencias
Fecha de último préstamo Total préstamos Total Renewals Signatura topográfica Código de barras Última vez visto Ejemplar Price effective from Tipo de ítem Perdido Sistema de clasificación Dañado No prestable Tipo de ítem específico Suprimido Ubicación habitual Ubicación actual Localización Fecha de creación Forma de adquisición Costo
04/04/2024 6 1 918.04861 R67 100047851 09/12/2025 Ej.2 03/02/2013 Libro   DEWEY     Libro   Claustro Claustro 2do piso 28/02/2003 Compra 10000.00